| 000 | 00535nam a22001577a 4500 | ||
|---|---|---|---|
| 005 | 20231108124554.0 | ||
| 008 | 231108b |||||||| |||| 00| 0 eng d | ||
| 041 | _aEnglish | ||
| 082 | _a348.3 COR | ||
| 100 |
_aCorbett, MM and Buchanan JL _lEnglish |
||
| 245 |
_aThe Quantum of Damages in Bodily and Fatal Injury Cases / _cMM Corbett and JL Buchanan |
||
| 260 |
_aCape Town : _bJuta and Company Ltd, _c1964 |
||
| 300 |
_bxl, 864 pages ; _c27 cm. |
||
| 650 |
_aLegal practice _bLaw |
||
| 942 |
_cBK _6ALISON_BN_VRIES |
||
| 999 |
_c434 _d434 |
||